Pokemon used by Team Galactic Commanders and Leaders. - Statistics

General Stats
  • This quiz has been taken 158 times
    146 since last reset
  • The average score is 19 of 24
Answer Stats
Commander Pokémon % Correct
Mars, DP Purugly
93%
Jupiter, DP Skuntank
92%
Cyrus, DP Crobat
90%
Mars, DP Golbat
90%
Jupiter, DP Golbat
90%
Saturn, P Golbat
90%
Cyrus, DP Golbat
90%
Mars, DP Zubat
88%
Jupiter, DP Zubat
88%
Cyrus, DP Honchkrow
81%
Cyrus, DP Weavile
80%
Cyrus, US Dialga
79%
Cyrus, UM Palkia
79%
Mars, DP Bronzor
78%
Jupiter, DP Bronzor
78%
Saturn, DP Bronzor
78%
Cyrus, DP Gyarados
78%
Saturn, DP Toxicroak
78%
Mars, P Bronzong
76%
Jupiter, P Bronzong
76%
Cyrus, DP Murkrow
73%
Cyrus, DP Sneasel
73%
Cyrus, P Houndoom
65%
Saturn, DP Kadabra
40%
No matching quizzes found
Score Distribution
Percent of People with Each Score
Percentile by Number Answered
Your Score History
You have not taken this quiz since the last reset